مكتبة جامعة عجلون الوطنية

فهرس بحث المكتبة

Normal view MARC view
  • الهوريتز ،البسيوني،محمود

Entry Personal Name

Number of records used in: 1

001 - CONTROL NUMBER

  • control field: 34613

003 - CONTROL NUMBER IDENTIFIER

  • control field: JO-AjAnu

005 - DATE AND TIME OF LATEST TRANSACTION

  • control field: 20230606075809.0

008 - FIXED-LENGTH DATA ELEMENTS

  • fixed length control field: 230606|| aca||aabn | a|a d

040 ## - CATALOGING SOURCE

  • Original cataloging agency: JO-AjAnu
  • Transcribing agency: JO-AjAnu

100 ## - HEADING--PERSONAL NAME

  • Personal name: الهوريتز ،البسيوني،محمود

670 ## - SOURCE DATA FOUND

  • Source citation: Work cat.: (JO-AjAnu)17778: الهوريتز ،البسيوني،محمود, author, الذاكرة والخبرة: دراسة مقارنة لرسوم الاطفال من تايوان-وقطر-والولايات المتحدة =Memory and Experience:Thematic Drawing by Taiwanese-Qatari and American Children